| 000 | 00899cab a2200217 4500 | ||
|---|---|---|---|
| 001 | WB3330-29 | ||
| 008 | 090401t1997 xxu||||| |||| 00| 0 eng d | ||
| 035 | _a(Sirsi) u80026 | ||
| 041 | _aeng | ||
| 245 | _aLease | ||
| 260 | _c1997 | ||
| 350 | _a0 | ||
| 490 |
_aEstates Gazette Case Summaries _v[1997] EGCS 115 (26/7/1997) |
||
| 520 | _a"Hillgrove Developments Ltd v Plymouth CC" ChD 10 July 1997. The tenant (H) applied to the council (P) as landlord and planning authority for change of use permission. P as planning authority granted permission but as landlord withheld permission. H sought a declaration that consent had been withheld unreasonably. Application dismissed. | ||
| 650 | _aCHANGE OF USE | ||
| 650 | _aHILLGROVE DEVELOPMENTS LTD V PLYMOUTH CC | ||
| 650 | _aPLANNING AUTHORITY | ||
| 690 | _aLANDLORD AND TENANT-BUSINESS TENANCIES | ||
| 942 | _n0 | ||
| 948 | _c30/07/1997 | ||
| 999 |
_c50367 _d50367 |
||